000 00379nam a22001577a 4500
003 CEME
005 20210628202636.0
008 210120b xxu||||| |||| 00| 0 eng d
040 _c.
082 _a355.JMC JAN
100 _aKing Callins
_960857
245 _aJane's mines and mines clerance
260 _aPDF
_bJANE'E PUBLISHING COY
_c2006
300 _aPDF
942 _cBK
_2ddc
999 _c570479
_d570479